| 000 | 00337cam a22001217a 4500 | ||
|---|---|---|---|
| 008 | 180718b1977 xxu||||| |||| 00| 0 eng d | ||
| 082 | _aD49 N164 | ||
| 100 | _aNarayan, B.K. | ||
| 245 |
_aLessons and consequences of the October war _cby B.K. Narayan |
||
| 260 |
_aDelhi _bVikas _c1977 |
||
| 300 | _a95p. | ||
| 650 | _aArab - Isreal war, 1973 | ||
| 999 |
_c349759 _d349759 |
||